Nebraska Football: Head Coaches - Statistics

General Stats
  • This quiz has been taken 130 times
  • The average score is 8 of 34
Answer Stats
Years Coached Coach % Correct
2018-Present Scott Frost
98%
1973-1997 Tom Osborne
92%
2015-2017 Mike Riley
88%
2008-2014 Bo Pelini
81%
1962-1972 Bob Devaney
74%
2004-2007 Bill Callahan
65%
1998-2003 Frank Solich
64%
1929-1936 Dana X. Bible
17%
1957-1961 Bill Jennings
15%
1937-1941 Lawrence "Biff" Jones
15%
1911-1915 Ewald O. "Jumbo" Stiehm
12%
1982 J.S. Williams
12%
1898 Fielding Yost
11%
1949-1955 Bill Glassford
10%
1890 Langdon Frothingham
10%
1956 Pete Elliott
10%
1943-1944 Adolph J. Lewandowski
9%
1946-1947 Bernie Masterson
9%
1899 Edwin Branch
9%
1945 George "Potsy" Clark
9%
1948 George "Potsy" Clark
9%
1895 Charles Thomas
8%
1896-1867 E.N. "Robbie" Robinson
8%
1928 Ernest E. Bearg
8%
1921-1924 Fred Dawson
8%
1942 Glenn Presnell
8%
1919-1920 Henry Schulte
8%
1891 T.U. Lyman
8%
1900-1905 Walter C. "Bummy" Booth
8%
1907-1910 W.C. "King" Cole
8%
1906 Amos Foster
6%
1916-1917 E.J. "Doc" Stewart
6%
1893-1894 Frank Crawford
6%
1918 William G. Kline
5%
No matching quizzes found
Score Distribution
Percent of People with Each Score
Percentile by Number Answered
Your Score History
You have not taken this quiz